000 00399nam a22001337a 4500
999 _c109745
_d109745
005 20181221121009.0
008 181221b ||||| |||| 00| 0 eng d
022 _a16847334
040 _cPK-LaUMT
082 _aRHC 300.05
_bRES-
245 _aResearch journal social sciences(Jan-June 2010 Vol: 2 Issue 5)/
_cMuhammad Ishaq(edi)
260 _aKarachi;
_bIslamic research academy
_c2010
942 _cBK